Essential statistics in business and economics / (Record no. 6017)
[ view plain ]
| 000 -LEADER | |
|---|---|
| fixed length control field | 01152cam a22002174a 4500 |
| 020 ## - INTERNATIONAL STANDARD BOOK NUMBER | |
| ISBN | 9780073373638 (student edition : alk. paper) |
| 020 ## - INTERNATIONAL STANDARD BOOK NUMBER | |
| ISBN | 007337363X (student edition : alk. paper) |
| 020 ## - INTERNATIONAL STANDARD BOOK NUMBER | |
| ISBN | 9780073342689 (instructor's edition : alk. paper) |
| 020 ## - INTERNATIONAL STANDARD BOOK NUMBER | |
| ISBN | 0073342688 (instructor's edition : alk. paper) |
| 050 00 - CALL NUMBER | |
| Classification number | HF1017 |
| Item number | .D553 |
| 100 1# - AUTHOR | |
| Personal name | Doane, David P. |
| 245 10 - TITLE | |
| Title | Essential statistics in business and economics / |
| Statement of responsibility, etc | David P. Doane, Lori E. Seward. |
| 260 ## - PUBLICATION INFORMATION | |
| Place of publication | Boston, : |
| Name of publisher | McGraw-Hill/Irwin, |
| Year of publication | c2008. |
| 300 ## - DESCRIPTION | |
| Number of Pages | xvi, 604 p. : |
| Other physical details | col. ill. ; |
| Dimensions | 29 cm. |
| 500 ## - NOTES | |
| General note | Includes index and statistical tables |
| 505 ## - FORMATTED CONTENTS NOTE | |
| Table of Content | Overview of Statistics --<br/>Data Collection --<br/>Describing Data Visually --<br/>Descriptive Statistics --<br/>Probability --<br/>Discrete Distributions --<br/>Continuous Distributions --<br/>Sampling Distributions and Estimation --<br/>One-Sample Hypothesis Tests --<br/>Two-Sample Hypothesis Tests --<br/>Analysis of Variance --<br/>Bivariate Regression --<br/>Multiple Regression --<br/>Chi-Square Tests. |
| 650 #0 - SUBJECTS | |
| Topical Term | Commercial statistics. |
| 650 #0 - SUBJECTS | |
| Topical Term | Economics |
| General subdivision | Statistical methods. |
| 700 1# - OTHER AUTHORS | |
| Personal name | Seward, Lori Welte, |
| 942 ## - ADDED ENTRY ELEMENTS (KOHA) | |
| Koha item type | Books |
| Withdrawn status | Lost status | Collection code | Home library | Current library | Shelving location | Date acquired | Full call number | Accession Number | Koha item type |
|---|---|---|---|---|---|---|---|---|---|
| Reference | Methodist University Library Main | Methodist University Library Main | General Stacks | HF1017 .D553 | 39020 | Books | |||
| Reference | Methodist University Library Main | Methodist University Library Main | General Stacks | HF1017 .D553 | 39922 | Books |